000 00611nam a2200277Ia 4500
005 20260401122450.0
008 008 250103s9999 xx 000 0 eng d
020 _a9781443868778
037 _aTB
040 _aEDL
040 _beng
040 _cEDL
041 _2eng
041 _aeng
084 _a820.9MEH
084 _qEDL
245 0 _aExploring gender in the literature of the Indian Diaspora
260 _aLondon
260 _bCambridge Scholar
260 _c2015
300 _a200p
942 _cTB
942 _h820.9MEH
999 _c1847452
_d1847452